[Event "Coupe Jean-Claude Loubatiere"]
[Site "St-Etienne"]
[Date "2008.12.07"]
[Round "1.1"]
[White "Joly, Christian"]
[Black "Carrot, Axel"]
[Result "1/2-1/2"]
[WhiteElo "1550"]
[BlackElo "1680"]
[PlyCount "62"]
[EventDate "2008.??.??"]

1. e4 e5 2. Nf3 Nc6 3. d4 exd4 4. Bc4 Bc5 5. O-O h6 6. c3 dxc3 7. Nxc3 d6 8.
Na4 Bb6 9. Nxb6 axb6 10. a3 Bg4 11. b4 Nf6 12. Re1 O-O 13. Bb2 Re8 14. Qb3 Bh5
15. Qc3 Ne5 16. Nxe5 dxe5 17. f3 Qe7 18. Bb3 Rac8 19. Qe3 c5 20. Reb1 Nd7 21.
Ba4 f6 22. Rd1 Red8 23. Rac1 Be8 24. Bxd7 Rxd7 25. Rxd7 Bxd7 26. bxc5 bxc5 27.
Rd1 c4 28. Bc3 Be6 29. Qb6 Qc5+ 30. Qxc5 Rxc5 31. Kf2 Rc8 1/2-1/2

[Event "Coupe Jean-Claude Loubatiere"]
[Site "St-Etienne"]
[Date "2008.12.07"]
[Round "1.2"]
[White "Masson, Guillaume"]
[Black "Boeuf, Jean-Julien"]
[Result "1-0"]
[WhiteElo "1500"]
[BlackElo "1270"]
[PlyCount "76"]
[EventDate "2008.??.??"]

1. c4 d6 2. Nc3 Nf6 3. g3 Nc6 4. Bg2 Bd7 5. Nf3 g6 6. O-O Bg7 7. d3 h6 8. Bd2
O-O 9. Qc1 g5 10. h4 Qc8 11. Kh2 Ng4+ 12. Kg1 gxh4 13. Nxh4 Bf5 14. Nd5 e6 15.
Ne3 Nd4 16. Qd1 Rb8 17. Nexf5 Nxf5 18. e4 Nxh4 19. Qxg4 Ng6 20. Rab1 Qd8 21. f4
Qf6 22. Bc3 e5 23. fxe5 Nxe5 24. Qh5 Qg5 25. Qxg5 hxg5 26. Rf2 Nxd3 27. Bxg7
Kxg7 28. Rf5 f6 29. b3 Rbe8 30. Rd1 Nb4 31. a4 Nc2 32. Kf2 Kg6 33. Ke2 Kh5 34.
Rh1+ Kg4 35. Kf2 Nd4 36. Rd5 c6 37. Rxd4 Rxe4 38. Rxe4+ Kf5 1-0

[Event "Coupe Jean-Claude Loubatiere"]
[Site "St-Etienne"]
[Date "2008.12.07"]
[Round "1.3"]
[White "Martin, Julien"]
[Black "Chambosse, Alexis"]
[Result "0-1"]
[WhiteElo "1460"]
[BlackElo "1410"]
[PlyCount "24"]
[EventDate "2008.??.??"]

1. e4 e5 2. Nf3 Nc6 3. d4 exd4 4. Nxd4 Nxd4 5. Qxd4 b6 6. Bc4 Qf6 7. e5 Qf5 8.
O-O Bc5 9. Qd2 Bb7 10. Nc3 Ne7 11. Na4 Qe4 12. Nxc5 Qxg2# 0-1

[Event "Coupe Jean-Claude Loubatiere"]
[Site "St-Etienne"]
[Date "2008.12.07"]
[Round "1.4"]
[White "Mougne, William"]
[Black "Lerbret, Bernard"]
[Result "1/2-1/2"]
[WhiteElo "1399"]
[BlackElo "1299"]
[PlyCount "176"]
[EventDate "2008.??.??"]

1. d4 e6 2. e4 Bd6 3. Nf3 Nc6 4. Nc3 Nf6 5. Bc4 O-O 6. O-O Ng4 7. Bg5 Be7 8. d5
exd5 9. Nxd5 Bxg5 10. Nxg5 d6 11. Nf3 Be6 12. Nd4 Nxd4 13. Qxd4 c5 14. Qd1 Qh4
15. Ne7+ Kh8 16. h3 Ne5 17. Bxe6 fxe6 18. Qxd6 Nc4 19. Qxe6 Rfe8 20. Ng6+ hxg6
21. Qxc4 Rxe4 22. Qxc5 Rd8 23. f3 Ree8 24. Qf2 Qb4 25. Rfe1 Re7 26. Rxe7 Qxe7
27. Re1 Qf7 28. Qh4+ Kg8 29. Qe7 Qxa2 30. Qe6+ Qxe6 31. Rxe6 Rc8 32. c3 Kf7 33.
Rd6 Rc7 34. g4 Re7 35. Kf2 b5 36. b3 Rc7 37. c4 bxc4 38. bxc4 Rxc4 39. Rd7+ Kf6
40. Rxa7 Rc2+ 41. Kg3 Rc5 42. Ra6+ Kf7 43. f4 Rc3+ 44. Kh4 Rc5 45. Ra7+ Kf8 46.
g5 Rc1 47. Kg4 Rg1+ 48. Kf3 Rh1 49. Ra6 Rxh3+ 50. Kg4 Rh1 51. Rxg6 Rg1+ 52. Kf5
Kf7 53. Rd6 Rh1 54. g6+ Kf8 55. Kg5 Rg1+ 56. Kf5 Rh1 57. Rc6 Re1 58. Re6 Rd1
59. Ke5 Re1+ 60. Kd6 Rd1+ 61. Kc7 Rc1+ 62. Rc6 Rf1 63. Rc4 Re1 64. f5 Re7+ 65.
Kd8 Re5 66. Rf4 Rd5+ 67. Kc7 Rc5+ 68. Kd6 Ra5 69. f6 Ra6+ 70. Kd5 Ra5+ 71. Kd6
Ra6+ 72. Ke5 Ra5+ 73. Ke6 Ra6+ 74. Kf5 gxf6 75. Ke4 Kg7 76. Rg4 Ra4+ 77. Kf5
Rxg4 78. Kxg4 Kxg6 79. Kf4 f5 80. Kf3 Kg5 81. Kg3 f4+ 82. Kf3 Kf5 83. Kf2 Kg4
84. Kg2 f3+ 85. Kf2 Kf4 86. Kf1 Kg3 87. Kg1 f2+ 88. Kf1 Kf3 1/2-1/2

[Event "Coupe Jean-Claude Loubatiere"]
[Site "St-Etienne"]
[Date "2008.12.07"]
[Round "1.1"]
[White "Pareux, Marc"]
[Black "Chabas, Jean-Luc"]
[Result "1/2-1/2"]
[WhiteElo "1680"]
[BlackElo "1580"]
[PlyCount "62"]
[EventDate "2008.??.??"]

1. d4 d5 2. Nf3 Nf6 3. Bf4 e6 4. h3 Bd6 5. Bxd6 Qxd6 6. c3 c5 7. e3 Nbd7 8.
Nbd2 O-O 9. Bd3 a6 10. O-O c4 11. Bc2 b5 12. e4 dxe4 13. Nxe4 Qc7 14. Re1 Bb7
15. Nfd2 Rad8 16. Qe2 Rfe8 17. Rad1 Bd5 18. Qf1 Qc6 19. f4 Rb8 20. g4 b4 21.
Rb1 Rb6 22. Qe2 Reb8 23. g5 Bxe4 24. Nxe4 Nxe4 25. Bxe4 Qc7 26. Qf2 bxc3 27.
Re2 Qd6 28. f5 Rxb2 29. Rexb2 Rxb2 30. Rxb2 cxb2 31. Qxb2 Qg3+ 1/2-1/2

[Event "Coupe Jean-Claude Loubatiere"]
[Site "St-Etienne"]
[Date "2008.12.07"]
[Round "1.2"]
[White "Liogier, Pascal"]
[Black "Libiszewski, Christian"]
[Result "0-1"]
[WhiteElo "1499"]
[BlackElo "1590"]
[PlyCount "86"]
[EventDate "2008.??.??"]

1. e4 e6 2. d4 d5 3. e5 c5 4. c3 Bd7 5. Nf3 Qb6 6. Be2 Bb5 7. O-O Bxe2 8. Qxe2
Nc6 9. Bg5 cxd4 10. cxd4 Nxd4 11. Nxd4 Qxd4 12. Nc3 Qb6 13. Qb5+ Qxb5 14. Nxb5
Kd7 15. Rac1 f6 16. exf6 gxf6 17. Be3 Bh6 18. Rc7+ Kd8 19. Bxa7 Rxa7 20. Nxa7
Kxc7 21. Nb5+ Kd7 22. Rd1 Ne7 23. f3 Rc8 24. b3 Rc1 25. Rxc1 Bxc1 26. a4 Kc6
27. Kf2 e5 28. Ke2 Nf5 29. g4 Nd4+ 30. Nxd4+ exd4 31. Kd3 Bb2 32. h4 Kd6 33. g5
fxg5 34. hxg5 Ke5 35. b4 Bc1 36. a5 Bxg5 37. b5 Bd8 38. a6 bxa6 39. bxa6 Bb6
40. Ke2 h5 41. Kf2 Kf4 42. Ke2 h4 43. a7 d3+ 0-1

[Event "Coupe Jean-Claude Loubatiere"]
[Site "St-Etienne"]
[Date "2008.12.07"]
[Round "1.3"]
[White "Carteron, Olivier"]
[Black "Mialon, Franck"]
[Result "1-0"]
[WhiteElo "1620"]
[BlackElo "1430"]
[PlyCount "53"]
[EventDate "2008.??.??"]

1. e4 e5 2. Nf3 Nc6 3. Bc4 Bc5 4. c3 d6 5. d4 Bb6 6. O-O Bg4 7. Be3 Nf6 8. d5
Na5 9. Bd3 c5 10. b4 cxb4 11. cxb4 Bd4 12. Bxd4 exd4 13. bxa5 O-O 14. Qa4 Bxf3
15. gxf3 Nh5 16. Kh1 Qh4 17. Qc2 Rae8 18. Rg1 Rc8 19. Qd2 Nf4 20. Rg4 Qxf2 21.
Qxf2 Rc1+ 22. Bf1 Nd3 23. Qe2 Ne1 24. Qd2 Rfc8 25. Qxd4 g6 26. Nd2 Nc2 27. Rxc1
1-0

[Event "Coupe Jean-Claude Loubatiere"]
[Site "St-Etienne"]
[Date "2008.12.07"]
[Round "1.4"]
[White "Langle, Armand"]
[Black "Ben Habchi, Nordine"]
[Result "0-1"]
[WhiteElo "1009"]
[BlackElo "1530"]
[PlyCount "80"]
[EventDate "2008.??.??"]

1. e4 c5 2. Bc4 e6 3. Nf3 d5 4. Bb5+ Nc6 5. Bxc6+ bxc6 6. exd5 cxd5 7. O-O Nf6
8. Nc3 d4 9. Na4 Qd6 10. d3 Bb7 11. Bd2 Ng4 12. Qc1 Bxf3 13. Bf4 Qd5 14. c4
dxc3 15. Nxc3 Qh5 16. h3 Bxg2 17. Kxg2 Nf6 18. Rb1 Qg6+ 19. Kh2 Qxd3 20. b4
cxb4 21. a4 Bd6 22. Bxd6 Qxd6+ 23. Kg2 bxc3 24. Qxc3 O-O 25. Rbd1 Qa6 26. Qa3
Nd5 27. Rd3 Nf4+ 28. Kf3 Nxd3 29. Rd1 Rfd8 30. Rg1 Qc6+ 31. Ke2 Nf4+ 32. Ke3
Nd5+ 33. Ke2 Qc2+ 34. Kf1 Qd1+ 35. Kg2 Nf4+ 36. Kh2 Qh5 37. Rg3 Rd2 38. Qc3
Rxf2+ 39. Kg1 Ne2+ 40. Kxf2 Nxc3 0-1

[Event "Coupe Jean-Claude Loubatiere"]
[Site "St-Etienne"]
[Date "2008.12.07"]
[Round "2.1"]
[White "Carrot, Axel"]
[Black "Chabas, Jean-Luc"]
[Result "0-1"]
[WhiteElo "1680"]
[BlackElo "1580"]
[PlyCount "90"]
[EventDate "2008.??.??"]

1. d4 d5 2. Nf3 Nf6 3. Bf4 Bf5 4. e3 e6 5. Bd3 Bxd3 6. Qxd3 c6 7. Nbd2 Be7 8.
O-O Nbd7 9. Rac1 O-O 10. c4 Rc8 11. Rfe1 Re8 12. e4 dxe4 13. Nxe4 Nxe4 14. Rxe4
Nf6 15. Re2 Qa5 16. a3 Qh5 17. Rc3 c5 18. Re5 Qg6 19. Qxg6 hxg6 20. dxc5 Bxc5
21. Be3 Bxe3 22. Rexe3 Red8 23. h3 Rc7 24. Kf1 Rdc8 25. b3 Nd5 26. Ne5 Nxe3+
27. Rxe3 b5 28. Rf3 bxc4 29. bxc4 Kf8 30. Nxg6+ Ke8 31. Ne5 f6 32. Nd3 Rxc4 33.
Re3 e5 34. Ne1 Rc3 35. Re2 Rxa3 36. Nf3 Ra1+ 37. Ne1 Rcc1 38. f3 Kd7 39. Kf2
Rxe1 40. Rxe1 Rxe1 41. Kxe1 Kc6 42. Kd2 Kb5 43. Kc1 a5 44. Kb1 Kc4 45. Kc2 Kd4
0-1

[Event "Coupe Jean-Claude Loubatiere"]
[Site "St-Etienne"]
[Date "2008.12.07"]
[Round "2.2"]
[White "Liogier, Pascal"]
[Black "Masson, Guillaume"]
[Result "1-0"]
[WhiteElo "1499"]
[BlackElo "1500"]
[PlyCount "61"]
[EventDate "2008.??.??"]

1. d4 c6 2. c4 d5 3. cxd5 cxd5 4. Nf3 Nc6 5. h3 Nf6 6. Nc3 e6 7. a3 Bd6 8. Bg5
O-O 9. Nb5 Qa5+ 10. Nc3 Ne4 11. Bd2 Nxd2 12. Qxd2 Re8 13. e3 e5 14. Bb5 Bd7 15.
O-O exd4 16. Nxd4 a6 17. Bxc6 bxc6 18. b4 Qd8 19. Rae1 Qg5 20. Kh1 Qh6 21. f4
Re7 22. Nd1 Rae8 23. Qd3 c5 24. Nf5 Bxf5 25. Qxf5 d4 26. Qd3 dxe3 27. Nxe3 Bxf4
28. Nf5 Qg6 29. Nxe7+ Rxe7 30. Qd8+ Re8 31. Qxe8# 1-0

[Event "Coupe Jean-Claude Loubatiere"]
[Site "St-Etienne"]
[Date "2008.12.07"]
[Round "2.3"]
[White "Chambosse, Alexis"]
[Black "Mialon, Franck"]
[Result "1-0"]
[WhiteElo "1410"]
[BlackElo "1430"]
[PlyCount "53"]
[EventDate "2008.??.??"]

1. e4 e5 2. Nf3 Nc6 3. Bc4 Nf6 4. d3 h6 5. Nc3 d6 6. O-O Bg4 7. h3 Bh5 8. Nd5
Nd4 9. g4 Nxg4 10. c3 Nxf3+ 11. Qxf3 Qh4 12. Nxc7+ Kd8 13. Nxa8 Nh2 14. Qg3
Nf3+ 15. Kg2 Qf6 16. Be3 Nh4+ 17. Kh2 Nf3+ 18. Kh1 g5 19. Bxa7 Nd2 20. Bd5 Nxf1
21. Rxf1 Bf3+ 22. Kg1 h5 23. Bxb7 h4 24. Bb6+ Kd7 25. Nc7 hxg3 26. Nd5 Ke6 27.
Bc8# 1-0

[Event "Coupe Jean-Claude Loubatiere"]
[Site "St-Etienne"]
[Date "2008.12.07"]
[Round "2.4"]
[White "Langle, Armand"]
[Black "Mougne, William"]
[Result "0-1"]
[WhiteElo "1009"]
[BlackElo "1399"]
[PlyCount "82"]
[EventDate "2008.??.??"]

1. e4 g6 2. Nf3 Bg7 3. d4 d6 4. Bb5+ Bd7 5. c4 c6 6. Ba4 b5 7. Bc2 bxc4 8. Na3
d5 9. O-O dxe4 10. Bxe4 Bg4 11. Be3 Nf6 12. Qc2 Nxe4 13. Qxe4 Bxf3 14. Qxf3
Bxd4 15. Bxd4 Qxd4 16. Rab1 Qd3 17. Qf4 O-O 18. Qc7 c3 19. Qb7 Nd7 20. Qxc6
cxb2 21. Nb5 Ne5 22. Qc5 f6 23. Rxb2 Rab8 24. Rb3 Nd7 25. Qc6 Ne5 26. Qa6 Qc4
27. Rfb1 Qc6 28. Qxa7 Qb7 29. Qa4 Rfd8 30. Nd6 Qc6 31. Nb5 Rd7 32. Nc3 Rxb3 33.
Rxb3 Qxa4 34. g3 Nf3+ 35. Kg2 Qc6 36. a4 Nd2+ 37. Kh3 Nxb3 38. Nb5 Nd4 39. Nxd4
Rxd4 40. a5 Qe6+ 41. g4 Qxg4# 0-1

[Event "Coupe Jean-Claude Loubatiere"]
[Site "St-Etienne"]
[Date "2008.12.07"]
[Round "2.1"]
[White "Boeuf, Jean-Julien"]
[Black "Pareux, Marc"]
[Result "0-1"]
[WhiteElo "1270"]
[BlackElo "1680"]
[PlyCount "71"]
[EventDate "2008.??.??"]

1. e4 g6 2. d4 Bg7 3. Be3 d6 4. f4 Nd7 5. Nf3 Ngf6 6. Bd3 O-O 7. O-O Ng4 8. Qe2
Nxe3 9. Qxe3 c5 10. Nc3 cxd4 11. Nxd4 Qb6 12. Nd5 Qxd4 13. Nxe7+ Kh8 14. Qxd4
Bxd4+ 15. Kh1 Bxb2 16. Rab1 Bg7 17. Nxc8 Raxc8 18. Rxb7 Nc5 19. Rxa7 Nxd3 20.
cxd3 Rc3 21. Rd1 Bd4 22. Rd7 Bc5 23. h3 Kg7 24. Kh2 Be3 25. Kg3 Bc5 26. Kg4 Ra8
27. Rd2 Raa3 28. Kg5 h6+ 29. Kg4 Rxd3 30. Rb2 Ra7 31. Rxa7 Bxa7 32. a4 Ra3 33.
Rb4 Bc5 34. Rc4 f6 35. f5 h5+ 36. Kh4 0-1

[Event "Coupe Jean-Claude Loubatiere"]
[Site "St-Etienne"]
[Date "2008.12.07"]
[Round "2.2"]
[White "Libiszewski, Christian"]
[Black "Martin, Julien"]
[Result "1-0"]
[WhiteElo "1590"]
[BlackElo "1460"]
[PlyCount "39"]
[EventDate "2008.??.??"]

1. e4 e5 2. Nf3 d6 3. c3 Nf6 4. Be2 Nxe4 5. Qa4+ Bd7 6. Qxe4 Nc6 7. O-O Be7 8.
d4 exd4 9. cxd4 Nb4 10. Nc3 g6 11. Bh6 Bf5 12. Qf4 d5 13. Rad1 Nc2 14. Bd3 Bd6
15. Qd2 Bxd3 16. Qxd3 Nb4 17. Qe2+ Qe7 18. Qxe7+ Bxe7 19. Rfe1 Nc6 20. Nxd5 1-0

[Event "Coupe Jean-Claude Loubatiere"]
[Site "St-Etienne"]
[Date "2008.12.07"]
[Round "2.3"]
[White "Lerbret, Bernard"]
[Black "Carteron, Olivier"]
[Result "0-1"]
[WhiteElo "1299"]
[BlackElo "1620"]
[PlyCount "52"]
[EventDate "2008.??.??"]

1. d4 d5 2. Bf4 Bf5 3. Nc3 c6 4. Nf3 e6 5. e3 Bb4 6. a3 Bd6 7. Bxd6 Qxd6 8. Bd3
Bxd3 9. Qxd3 Nf6 10. O-O O-O 11. Rfe1 a6 12. e4 dxe4 13. Nxe4 Nxe4 14. Rxe4 c5
15. dxc5 Qxc5 16. b4 Qe7 17. Rh4 g6 18. Rd1 b5 19. Rd4 e5 20. Rd8 Nc6 21. Rxa8
Rxa8 22. Qd5 Rd8 23. Qe4 Rxd1+ 24. Ne1 Qd6 25. g3 Qd5 26. Qf3 Qxf3 0-1

[Event "Coupe Jean-Claude Loubatiere"]
[Site "St-Etienne"]
[Date "2008.12.07"]
[Round "2.4"]
[White "Ben Habchi, Nordine"]
[Black "Bec, Jimmy"]
[Result "1-0"]
[WhiteElo "1530"]
[BlackElo "1110"]
[PlyCount "53"]
[EventDate "2008.??.??"]

1. e4 e6 2. d4 d5 3. Nf3 c5 4. exd5 exd5 5. Bb5+ Bd7 6. Qe2+ Qe7 7. Ne5 Bxb5 8.
Qxb5+ Nc6 9. O-O cxd4 10. Nxc6 bxc6 11. Qd3 Qe4 12. Qd2 Bd6 13. Re1 Nf6 14.
Rxe4+ Nxe4 15. Qxd4 O-O 16. Be3 Nf6 17. Nd2 Rfe8 18. Nf3 Rab8 19. Rf1 Rb6 20.
c4 a6 21. c5 Bxc5 22. Qxc5 Reb8 23. b3 Nd7 24. Qc2 Rb4 25. Ng5 Nf6 26. Qxc6
R4b6 27. Bxb6 1-0

[Event "Coupe Jean-Claude Loubatiere"]
[Site "St-Etienne"]
[Date "2008.12.07"]
[Round "3.1"]
[White "Pareux, Marc"]
[Black "Carrot, Axel"]
[Result "1/2-1/2"]
[WhiteElo "1680"]
[BlackElo "1680"]
[PlyCount "41"]
[EventDate "2008.??.??"]

1. d4 d5 2. e4 dxe4 3. Nc3 Nc6 4. Be3 Nf6 5. f3 exf3 6. Nxf3 Bf5 7. Qd2 h6 8.
O-O-O a6 9. Be2 e6 10. a3 Bd6 11. h3 e5 12. d5 Ne7 13. g4 Bh7 14. Rhf1 e4 15.
Nd4 Nfxd5 16. Nxd5 Nxd5 17. Bc4 Nf6 18. g5 hxg5 19. Bxg5 Be7 20. Qf2 Qc8 21.
Qh4 1/2-1/2

[Event "Coupe Jean-Claude Loubatiere"]
[Site "St-Etienne"]
[Date "2008.12.07"]
[Round "3.2"]
[White "Masson, Guillaume"]
[Black "Libiszewski, Christian"]
[Result "0-1"]
[WhiteElo "1500"]
[BlackElo "1590"]
[PlyCount "66"]
[EventDate "2008.??.??"]

1. e4 e6 2. d4 d5 3. Nc3 Nf6 4. Bg5 Be7 5. Nf3 a6 6. e5 Nfd7 7. Bd3 Bxg5 8.
Nxg5 Qxg5 9. O-O O-O 10. Qf3 c5 11. Qe3 Qxe3 12. fxe3 Nc6 13. b3 cxd4 14. exd4
Nxd4 15. Rae1 Nc5 16. Rf4 Nxd3 17. cxd3 Nc6 18. Nd1 f6 19. exf6 Rxf6 20. Ref1
Rxf4 21. Rxf4 Bd7 22. Ne3 Rf8 23. Rxf8+ Kxf8 24. Kf2 Nb4 25. a3 Nxd3+ 26. Kf3
Bc6 27. Nc2 Ke7 28. Ke3 Nc5 29. b4 Nd7 30. Nd4 Kd6 31. g3 g6 32. Ne2 e5 33. Ng1
Nb6 0-1

[Event "Coupe Jean-Claude Loubatiere"]
[Site "St-Etienne"]
[Date "2008.12.07"]
[Round "3.4"]
[White "Mougne, William"]
[Black "Ben Habchi, Nordine"]
[Result "0-1"]
[WhiteElo "1399"]
[BlackElo "1530"]
[PlyCount "64"]
[EventDate "2008.??.??"]

1. d4 c5 2. dxc5 Qa5+ 3. Qd2 Qxc5 4. b3 Nf6 5. Bb2 e5 6. Nc3 d5 7. Na4 Qd6 8.
g3 Nc6 9. Bg2 Be6 10. Nf3 Be7 11. O-O b5 12. Nc3 d4 13. Nxb5 Qd7 14. Ba3 Bxa3
15. Nxa3 O-O 16. Nc4 Bxc4 17. bxc4 Ne4 18. Qd3 f5 19. Ng5 Nxg5 20. Bxc6 Qxc6
21. h4 Ne6 22. f4 e4 23. Qb3 Rab8 24. Qa3 Qxc4 25. Qc1 Qxe2 26. Qe1 Qg4 27. Rb1
Rxb1 28. Qxb1 Qxg3+ 29. Kh1 Qxh4+ 30. Kg1 Nxf4 31. Qe1 Qg4+ 32. Kh1 Qg2# 0-1

[Event "Coupe Jean-Claude Loubatiere"]
[Site "St-Etienne"]
[Date "2008.12.07"]
[Round "3.1"]
[White "Chabas, Jean-Luc"]
[Black "Joly, Christian"]
[Result "1/2-1/2"]
[WhiteElo "1580"]
[BlackElo "1550"]
[PlyCount "52"]
[EventDate "2008.??.??"]

1. e4 d6 2. d4 Nf6 3. Nc3 g6 4. Be3 Bg7 5. Be2 O-O 6. h3 c6 7. Nf3 b5 8. a3
Nbd7 9. Qd2 Re8 10. O-O Qc7 11. Bh6 Bh8 12. g4 e5 13. g5 Nh5 14. Rfd1 a6 15.
dxe5 dxe5 16. Qd6 Qxd6 17. Rxd6 Nf8 18. Rad1 Bxh3 19. Rxc6 Ne6 20. Rcd6 Red8
21. Rxd8+ Rxd8 22. Rxd8+ Nxd8 23. Nd5 Nc6 24. Ne1 Bg7 25. Bxg7 Kxg7 26. Nd3 Nd4
1/2-1/2

[Event "Coupe Jean-Claude Loubatiere"]
[Site "St-Etienne"]
[Date "2008.12.07"]
[Round "3.2"]
[White "Boeuf, Jean-Julien"]
[Black "Liogier, Pascal"]
[Result "0-1"]
[WhiteElo "1270"]
[BlackElo "1499"]
[PlyCount "98"]
[EventDate "2008.??.??"]

1. e4 e5 2. Nf3 Nc6 3. Bc4 Nf6 4. d3 d5 5. exd5 Nxd5 6. Bxd5 Qxd5 7. Nc3 Bb4 8.
Bd2 Qd7 9. O-O O-O 10. Ne4 Bd6 11. Bc3 h6 12. Qe2 Qg4 13. h3 Qg6 14. Nh4 Qe6
15. Qf3 Bb4 16. Bxb4 Nxb4 17. c3 Nc2 18. Rac1 f5 19. Nc5 Qe7 20. Qd5+ Kh7 21.
Rxc2 Qxh4 22. Qxe5 b6 23. Qd5 Rb8 24. Ne6 Bxe6 25. Qxe6 Rbe8 26. Qc6 Re7 27.
Qf3 Rf6 28. Re2 Rxe2 29. Qxe2 f4 30. Qf3 Rg6 31. Re1 Qg5 32. d4 c6 33. Re8 Rf6
34. Rc8 Qd5 35. Qd3+ g6 36. Rc7+ Rf7 37. Rxf7+ Qxf7 38. a4 Qb3 39. Qa6 Qxb2 40.
Qxa7+ Kg8 41. a5 Qa1+ 42. Kh2 Qxa5 43. Qb8+ Kg7 44. Qc7+ Kh8 45. Qxc6 Kg7 46.
d5 Qc5 47. h4 h5 48. Kh3 Qxf2 49. d6 Qg3# 0-1

[Event "Coupe Jean-Claude Loubatiere"]
[Site "St-Etienne"]
[Date "2008.12.07"]
[Round "3.3"]
[White "Mialon, Franck"]
[Black "Martin, Julien"]
[Result "0-1"]
[WhiteElo "1430"]
[BlackElo "1460"]
[PlyCount "64"]
[EventDate "2008.??.??"]

1. e4 e5 2. f4 d6 3. Bc4 exf4 4. Nf3 Be6 5. Bxe6 fxe6 6. O-O Nc6 7. d4 e5 8. d5
Nce7 9. Ng5 Ng6 10. Ne6 Qe7 11. Nc3 c6 12. b3 Nf6 13. Ba3 a5 14. b4 axb4 15.
Bxb4 b5 16. a4 bxa4 17. Rxa4 Rxa4 18. Nxa4 Qa7+ 19. Kh1 Qxa4 20. Qb1 Nxe4 21.
Bxd6 Nxd6 22. Qb8+ Kf7 23. Qc7+ Kf6 24. Qd8+ Be7 25. Qd7 Qc4 26. Ra1 Qxd5 27.
Nc7 Qc4 28. g4 Qe4+ 29. Kg1 Qd4+ 30. Kg2 Nh4+ 31. Kh3 Qe3+ 32. Kxh4 g5+ 0-1

[Event "Coupe Jean-Claude Loubatiere"]
[Site "St-Etienne"]
[Date "2008.12.07"]
[Round "3.4"]
[White "Bec, Jimmy"]
[Black "Langle, Armand"]
[Result "1-0"]
[WhiteElo "1110"]
[BlackElo "1009"]
[PlyCount "87"]
[EventDate "2008.??.??"]

1. d4 d5 2. c4 dxc4 3. e4 Nf6 4. Nc3 Bg4 5. Qa4+ Bd7 6. Qxc4 e6 7. Bf4 Bd6 8.
e5 Nh5 9. exd6 cxd6 10. Bxd6 Nc6 11. Be2 Nf6 12. Nf3 Na5 13. Qc7 Qxc7 14. Bxc7
Nc6 15. O-O O-O 16. Rfd1 Rac8 17. Bf4 Rce8 18. b4 Nxb4 19. Bd6 Rc8 20. Bxf8
Kxf8 21. Rac1 Nxa2 22. Nxa2 Rxc1 23. Rxc1 Ne4 24. Rc7 Bc6 25. Nb4 Bd5 26. Nxd5
exd5 27. Rxb7 a5 28. Ra7 Nc3 29. Bd3 a4 30. Bc2 Ne2+ 31. Kf1 Nc3 32. Bxa4 Nxa4
33. Rxa4 f5 34. Ra5 g6 35. Rxd5 Ke7 36. Ke2 Ke6 37. Ra5 g5 38. Nxg5+ Kf6 39.
Nxh7+ Kg6 40. d5 Kxh7 41. d6 Kg7 42. d7 Kf7 43. d8=R Kg6 44. Rf8 1-0